|
|
|
|
| LEADER |
00000nam0a2200000 4500 |
| 001 |
294333 |
| 005 |
20231102000703.0 |
| 035 |
|
|
|a (RuTPU)RU\TPU\book\319388
|
| 090 |
|
|
|a 294333
|
| 100 |
|
|
|a 20150513d1983 m y0rusy50 ca
|
| 101 |
0 |
|
|a rus
|
| 102 |
|
|
|a RU
|
| 105 |
|
|
|a a z 001zy
|
| 200 |
1 |
|
|a В поисках бесконечности
|f Н. Я. Виленкин
|g Академия наук СССР (АН СССР)
|
| 210 |
|
|
|a Москва
|c Наука
|d 1983
|
| 215 |
|
|
|a 160 с.
|c ил.
|
| 225 |
1 |
|
|a Наука и технический прогресс
|
| 320 |
|
|
|a Библиогр.: с. 155-160
|
| 606 |
1 |
|
|a Множеств теория
|x (основания математики)
|2 stltpush
|3 (RuTPU)RU\TPU\subj\44178
|9 63549
|
| 610 |
1 |
|
|a бесконечность
|
| 610 |
1 |
|
|a Вселенная
|
| 610 |
1 |
|
|a бесконечные множества
|
| 610 |
1 |
|
|a удивительные функции
|
| 675 |
|
|
|a 510.22
|v 4
|
| 700 |
|
1 |
|a Виленкин
|b Н. Я.
|g Наум Яковлевич
|
| 712 |
0 |
2 |
|a Академия наук СССР (АН СССР)
|c (Ленинград/Москва)
|c (1925-1991)
|2 stltpush
|3 (RuTPU)RU\TPU\col\722
|
| 801 |
|
1 |
|a RU
|b 63413507
|c 20150513
|
| 801 |
|
2 |
|a RU
|b 63413507
|c 20181205
|g RCR
|
| 942 |
|
|
|c BK
|